Managing

Salvato in:
Dettagli Bibliografici
Autore principale: Geneen, Harold
Natura: Libro
Lingua:Undetermined
Pubblicazione: New York Avon 1984
Soggetti:
Tags: Aggiungi Tag
Nessun Tag, puoi essere il primo ad aggiungerne! !
Thư viện lưu trữ: Trung tâm Học liệu Trường Đại học Cần Thơ
LEADER 00426nam a2200181Ia 4500
001 CTU_86994
008 210402s9999 xx 000 0 und d
082 |a 658 
082 |b G326 
100 |a Geneen, Harold 
245 0 |a Managing 
245 0 |c Harold Geneen 
260 |a New York 
260 |b Avon 
260 |c 1984 
650 |a Management 
904 |i Truc 
980 |a Trung tâm Học liệu Trường Đại học Cần Thơ